Statistics for OCR A-level organic synthesis

Click here to take the quiz!

General Stats

  • This quiz has been taken 20 times
  • The average score is 4 of 20

Answer Stats

Starting reactantEnd ProductReagent% Correct
AlkaneHaloalkaneHalogen, UV
57%
AlkeneAlkaneH2, Nickel
43%
HaloalkaneAlcoholNaOH
43%
Acyl ChlorideSecondary AmidePrimary Amine
43%
Acyl ChlorideEsterAlcohol
29%
AlkeneHaloalkaneHydrogen Halide
29%
KetoneAlcoholNaBH4
29%
AldehydeAlcoholNaBH4
29%
Carboxylic acidAcyl ChlorideSOCl2
29%
AlcoholAldehydeAcidified potassium dichromate
14%
AlcoholCarboxylic AcidAcidified potassium dichromate
14%
AlcoholKetoneAcidified potassium dichromate
14%
HaloalkaneAmineEthanolic ammonia
14%
Acyl ChlorideCarboxylic AcidH2O
14%
AlcoholAlkeneH2SO4, Heat
14%
AlkeneAlcoholH3PO4, Steam
14%
AlcoholHaloalkaneNaX, H2SO4
14%
AlcoholEsterAcid anhydride
0%
Acyl ChloridePrimary AmideAmmonia
0%
HaloalkaneNitrileCN-, ethanol
0%

Score Distribution

Percentile by Number Answered

Percent of People with Each Score

Your Score History

You have not taken this quiz